000 00632nam a22002171i 4500
001 134723
003 ES-MaACL
005 20230906194730.0
007 t|
008 070913s1980 sp ||||0| spa d
016 7 _zIND2000944899
020 _a84-286-0587-4
040 _aM-BN
_bspa
_cCDM
080 _a840-31"19"
100 1 _aWiesel, Elie.
_9116778
245 1 0 _aTestamento de un poeta judío asesinado /
_cElie Wiesel ; [traducción del francés, F. Gorbea].
260 _aBarcelona :
_bPomaire,
_c[1980]
300 _a364 p. ;
_c21 cm.
700 1 _aGorbea, Federico.
_959130
852 _aES-MaACL
_jL-1018
_bR.101406
999 _c134723
_d134723